| 000 | 00896nam a2200265Ia 4500 | ||
|---|---|---|---|
| 003 | OSt | ||
| 005 | 20220923211459.0 | ||
| 006 | a|||||r|||| 00| 0 | ||
| 007 | ta | ||
| 008 | Pun | ||
| 020 |
_a9789352041688 (hbk) _c250 |
||
| 024 | _a320,006 | ||
| 037 |
_b770, 27/02/2017, H.K. Prakashan _cTextual |
||
| 040 |
_aARTS _cARTS _bPun |
||
| 041 |
_2Pun _aPun |
||
| 082 | _aO153,3NVA1:g, Q5 | ||
| 100 | _aਗਿੱਲ, ਗੁਰਚਰਨ ਸਿੰਘ, ਂਚ. | ||
| 245 | 0 | _aਵੀਨਾ ਵਰਮਾ ਦਾ ਕਥਾ-ਬੋਧ | |
| 260 |
_aਚੰਡੀਗੜ _b ਯੂਨੀਸਟਾਰ _c2015 |
||
| 300 |
_a127ਪ੍ਰ0 _ccm. |
||
| 650 | _a ਪੰਜਾਬੀ ਕਹਾਣੀ | ||
| 650 | _aਸ਼ਚਅਹ਼ਲਜ | ||
| 942 |
_hO153,3NVA1:g, Q5 _cTEXL _2CC |
||
| 999 |
_c299979 _d299979 |
||